Changes in gene expression of the phenylethanolamine N-methyltransferase in transplanted human heart

Bibliographic Details
Main Authors: Goncalvesová, Eva, 1962- (Author), Micutková, Lucia (Author), Mravec, Boris, 1975- (Author), Ksinantova, L. (Author), Križanová, Oľga, 1960- (Author), Fabian, J. (Author), Kvetňanský, Richard, 1937- (Author)
Corporate Author: Symposium on Catecholamines and other Neurotransmitters in Stress (Author)
Format: Conference Proceeding Article
Language:Slovak
English
ISSN:1210-0668, 1336-0329
Subjects:

MARC

LEADER 00000nab a2200000 a 4500
001 vtls000853404
003 SK-MaSNL
005 20260304211706.0
008 250429c2003 xo 0 slo
015 |a SNBRB2003/11-34118 
035 |a CLN000205059 
035 |a (urnnbn)urn:nbn:sk:snk:ar-0064br 
035 |a (uuid)27e207ff-ec6c-4776-8aa8-37e4328837b9 
035 |a urn:nbn:sk:snk-ab82gt 
040 |a SNKBUCL  |b slo  |c SNKBUCL  |e AACR2 
041 0 |a eng 
044 |a xo  |c SK 
080 |a 616.12-089-008:575.113.577.15:061.3  |2 1997 
245 0 0 |a Changes in gene expression of the phenylethanolamine N-methyltransferase in transplanted human heart  |c E. Goncalvesova ... [et al.] 
650 0 7 |a fenyletanolamín-N-metyltransferáza  |2 MESH  |9 1543479 
650 0 7 |a transplantácia srdca  |2 MESH  |9 20234 
650 0 7 |a génová expresia  |2 MESH  |9 116746 
650 0 7 |a adrenalín  |2 MESH  |9 17561 
650 0 7 |a biopsia  |2 MESH  |9 15465 
650 0 7 |a RNA mediátorová  |2 MESH  |9 1064071 
650 0 7 |a abstrakty  |2 MESH  |9 90504 
655 7 |a články z novín a časopisov  |2 snkbucl  |9 267496 
700 1 |a Goncalvesová, Eva,  |d 1962-  |4 aut  |9 11894 
700 1 |a Micutková, Lucia  |4 aut  |9 1208991 
700 1 |a Mravec, Boris,  |d 1975-  |4 aut  |9 196948 
700 1 |a Ksinantova, L.  |4 aut  |9 1146485 
700 1 |a Križanová, Oľga,  |d 1960-  |4 aut  |9 81838 
700 1 |a Fabian, J.  |4 aut  |9 822953 
700 1 |a Kvetňanský, Richard,  |d 1937-  |4 aut  |9 85630 
711 1 |a Symposium on Catecholamines and other Neurotransmitters in Stress  |n (8. :  |d 2003 :  |c Smolenice, Slovensko)  |4 aut  |9 93433 
773 0 |t Endocrine regulations  |g Vol. 37, no. 2 (2003), s. 100  |x 1210-0668, 1336-0329 
850 |a Slovenská národná knižnica 
852 |a Slovenská národná knižnica 
958 |a article9 
958 |a MI 
958 |a RBX 
958 |a OND 
958 |a EUIPO 
999 |c 3129213  |d 3131143